01383nam a2200241Ia 4500001000600000003000900006008004100015040001300056040001300069041001300082100002300095100002900118245004200147245004200189250001100231260001300242260002700255260004900282300005700331500068700388650003501075650003101110C5747IT-RoPAU130308s9999 xx 000 0 und d aIT-RoPAU cIT-RoPAU aFRANCESE aPailliart Isabelle gCodice Aut. SPICS: 3164 aTerritoires de la communication (Les) bTerritoires de la Communication (Les) a1a ed. aGRENOBLE bPresses Universitaires c1993 [1° Ed.:1993 - Ed.Ling.Originale:1993] a"280 p. (prefazione: no ; testo: 280 [pagine: 0-0])" aTerritori della Comunicazione. Riferimenti Storici: Dalla Stampa di Provincia all'informazione Locale, Informazione municipale e idea di Potere Locale, Movimento Localista e Comunicazione. Affermazioni di politiche Municipali d'informazione e di Comunicazione: sotto Il Segno della Diversità, Strutturazione in Corso, giornale municipale tra bollettino e Rivista, Crescita delle Reti. nuove tecnologie dell'informazione e della Comunicazione e management dei Territori: Riposizionammmento del Potere Locale, ristrutturazione del locale e Rinforzo della Centralità. ricomposizione dei Territori: una Territorialità in Movimento, Europa Territorialità Complessa. Bibliografia. aSAGGI DI COMUNICAZIONE SOCIALE eCodice materia Spics: 3807